00825nam a22002417a 4500999001700000003000900017008004100026040007100067082001700138100002800155245008100183260003600264300002800300505002800328650001900356650002200375650001900397650002100416700002500437942001600462945000800478952009700486 c17825d17825AR-CdUCM190509b ||||| |||| 00| 0 spa d aMUNICIPALIDAD PROVINCIAL DEL CUSCOcBIBLIOTECA MUNICIPAL DEL CUSCO a800.7 /bD69 aDíaz Plaja, Guillermo a70 Comentarios de textos de la literatura Española Argentina y Americana / aBuenos Aires :bCiordia,c1964. a305 páginas ;c21 cm. aContenido : Literatura. aLiteratura983 aEspañola924066 aArgentina9511 aAmericana924541 aMazzei, Angel935624 2ddccLIBROS arcc 002ddc4070aSHbSHcCARTd2019-05-09g15.00o800.7 / D69pSH0000012550r2019-05-09yLIBROS